[Event "8th Vellmar Chess Days"]
[Site "chess24.com"]
[Date "2016.07.31"]
[Round "7"]
[White "Bajorski, Marius"]
[Black "Freier, Werner, Dr."]
[Result "0-1"]
[Board "40"]
[WhiteElo "1753"]
[WhiteTeam "SV Hofheim"]
[WhiteCountry "GER"]
[WhiteFideId "12938831"]
[WhiteEloChange "-6"]
[BlackElo "1886"]
[BlackTeam "Hildesheimer SV"]
[BlackCountry "GER"]
[BlackFideId "12932558"]
[BlackEloChange "6"]

1. d4 {[%clk 1:30:30]} Nf6 {[%clk 1:30:30]} 2. Nc3 {[%clk 1:30:30]} d5 {[%clk
1:30:30]} 3. Bf4 {[%clk 1:30:30]} e6 {[%clk 1:30:30]} 4. Nf3 {[%clk 1:30:30]} c6
{[%clk 1:30:30]} 5. e3 {[%clk 1:30:30]} Bb4 {[%clk 1:30:30]} 6. Bd3 {[%clk
1:30:30]} Qa5 {[%clk 1:30:30]} 7. Qd2 {[%clk 1:30:30]} Nbd7 {[%clk 1:30:30]} 8.
O-O {[%clk 1:30:30]} O-O {[%clk 1:30:30]} 9. a3 {[%clk 1:30:30]} Bxc3 {[%clk
1:30:30]} 10. Qxc3 {[%clk 1:30:30]} Qxc3 {[%clk 1:30:30]} 11. bxc3 {[%clk
1:30:30]} c5 {[%clk 1:30:30]} 12. c4 {[%clk 1:30:30]} dxc4 {[%clk 1:30:30]} 13.
Bxc4 {[%clk 1:30:30]} Nb6 {[%clk 1:30:30]} 14. Be2 {[%clk 1:30:30]} cxd4 {[%clk
1:30:30]} 15. exd4 {[%clk 1:30:30]} Nbd5 {[%clk 1:30:30]} 16. Bg3 {[%clk
1:30:30]} Nc3 {[%clk 1:30:30]} 17. Bd3 {[%clk 1:30:30]} Bd7 {[%clk 1:30:30]} 18.
Bd6 {[%clk 1:30:30]} Rfc8 {[%clk 1:30:30]} 19. Ne5 {[%clk 1:30:30]} Bb5 {[%clk
1:30:30]} 20. Bb4 {[%clk 1:30:30]} Bxd3 {[%clk 1:30:30]} 21. cxd3 {[%clk
1:30:30]} Ne2+ {[%clk 1:30:30]} 22. Kh1 {[%clk 1:30:30]} Nxd4 {[%clk 1:30:30]}
23. Nc4 {[%clk 1:30:30]} Nc2 {[%clk 1:30:30]} 24. Rac1 {[%clk 1:30:30]} Nxb4
{[%clk 1:30:30]} 25. axb4 {[%clk 1:30:30]} Rd8 {[%clk 1:30:30]} 26. Ne5 {[%clk
1:30:30]} Nd5 {[%clk 1:30:30]} 27. b5 {[%clk 1:30:30]} f6 {[%clk 1:30:30]} 28.
Nf3 {[%clk 1:30:30]} Rac8 {[%clk 1:30:30]} 29. Rfe1 {[%clk 1:30:30]} Nf4 {[%clk
1:30:30]} 30. Rxc8 {[%clk 1:30:30]} Rxc8 {[%clk 1:30:30]} 31. Rd1 {[%clk
1:30:30]} Rd8 {[%clk 1:30:30]} 32. d4 {[%clk 1:30:30]} e5 {[%clk 1:30:30]} 33. g3
{[%clk 1:30:30]} Ne2 {[%clk 1:30:30]} 34. Ra1 {[%clk 1:30:30]} Nxd4 {[%clk
1:30:30]} 35. Nxd4 {[%clk 1:30:30]} exd4 {[%clk 1:30:30]} 36. Rxa7 {[%clk
1:30:30]} d3 {[%clk 1:30:30]} 37. Ra1 {[%clk 1:30:30]} Kf7 {[%clk 1:30:30]} 38.
Kg2 {[%clk 1:30:30]} Ke6 {[%clk 1:30:30]} 39. Kf3 {[%clk 1:30:30]} Kd5 {[%clk
1:30:30]} 40. Ke3 {[%clk 1:30:30]} Kc4 {[%clk 1:30:30]} 41. Rc1+ {[%clk 1:30:30]}
Kxb5 {[%clk 1:30:30]} 42. Kd2 {[%clk 1:30:30]} Rd7 {[%clk 1:30:30]} 43. f3 {[%clk
1:30:30]} Ka4 {[%clk 1:30:30]} 44. Rc4+ {[%clk 1:30:30]} Ka5 {[%clk 1:30:30]} 45.
Rc1 {[%clk 1:30:30]} b5 {[%clk 1:30:30]} 46. Ra1+ {[%clk 1:30:30]} Kb6 {[%clk
1:30:30]} 47. Rb1 {[%clk 1:30:30]} Rd4 {[%clk 1:30:30]} 48. Ke3 {[%clk 1:30:30]}
Rd5 {[%clk 1:30:30]} 49. Kd2 {[%clk 1:30:30]} h5 {[%clk 1:30:30]} 50. f4 {[%clk
1:30:30]} g5 {[%clk 1:30:30]} 51. fxg5 {[%clk 1:30:30]} fxg5 {[%clk 1:30:30]} 52.
h3 {[%clk 1:30:30]} Kc5 {[%clk 1:30:30]} 53. Rb2 {[%clk 1:30:30]} Kc4 {[%clk
1:30:30]} 54. Rb1 {[%clk 1:30:30]} b4 {[%clk 1:30:30]} 55. Rb2 {[%clk 1:30:30]}
Rf5 {[%clk 1:30:30]} 0-1

[Event "8th Vellmar Chess Days"]
[Site "chess24.com"]
[Date "2016.07.31"]
[Round "7"]
[White "Kothe, Erik"]
[Black "Koronowski, Heinz-Juergen"]
[Result "1/2-1/2"]
[Board "41"]
[WhiteElo "1877"]
[WhiteTeam "Landeck Schenklengsfeld"]
[WhiteCountry "GER"]
[WhiteFideId "24628573"]
[WhiteEloChange "-4"]
[BlackElo "1730"]
[BlackTeam "SK Wildeshausen"]
[BlackCountry "GER"]
[BlackFideId "12943762"]
[BlackEloChange "4"]

1. e4 {[%clk 1:30:30]} e5 {[%clk 1:30:30]} 2. Nf3 {[%clk 1:30:30]} Nf6 {[%clk
1:30:30]} 3. d3 {[%clk 1:30:30]} Nc6 {[%clk 1:30:30]} 4. h3 {[%clk 1:30:30]} d5
{[%clk 1:30:30]} 5. exd5 {[%clk 1:30:30]} Nxd5 {[%clk 1:30:30]} 6. Bd2 {[%clk
1:30:30]} Be7 {[%clk 1:30:30]} 7. Nc3 {[%clk 1:30:30]} Nxc3 {[%clk 1:30:30]} 8.
Bxc3 {[%clk 1:30:30]} Bf6 {[%clk 1:30:30]} 9. Qd2 {[%clk 1:30:30]} Be6 {[%clk
1:30:30]} 10. Qe3 {[%clk 1:30:30]} Nd4 {[%clk 1:30:30]} 11. O-O-O {[%clk
1:30:30]} Qd5 {[%clk 1:30:30]} 12. b3 {[%clk 1:30:30]} Nxf3 {[%clk 1:30:30]} 13.
gxf3 {[%clk 1:30:30]} h6 {[%clk 1:30:30]} 14. Kb1 {[%clk 1:30:30]} b6 {[%clk
1:30:30]} 15. Rg1 {[%clk 1:30:30]} O-O-O {[%clk 1:30:30]} 16. Bg2 {[%clk
1:30:30]} Qd7 {[%clk 1:30:30]} 17. Bxe5 {[%clk 1:30:30]} Bxe5 {[%clk 1:30:30]}
18. Qxe5 {[%clk 1:30:30]} Qd4 {[%clk 1:30:30]} 19. Qe3 {[%clk 1:30:30]} Rhe8
{[%clk 1:30:30]} 20. f4 {[%clk 1:30:30]} Qf6 {[%clk 1:30:30]} 21. Qg3 {[%clk
1:30:30]} g6 {[%clk 1:30:30]} 22. h4 {[%clk 1:30:30]} Bd5 {[%clk 1:30:30]} 23.
Bh3+ {[%clk 1:30:30]} Kb8 {[%clk 1:30:30]} 24. Rge1 {[%clk 1:30:30]} Bc6 {[%clk
1:30:30]} 25. Re3 {[%clk 1:30:30]} a5 {[%clk 1:30:30]} 26. a4 {[%clk 1:30:30]}
Bb7 {[%clk 1:30:30]} 27. Rde1 {[%clk 1:30:30]} Bc6 {[%clk 1:30:30]} 28. Bg4
{[%clk 1:30:30]} h5 {[%clk 1:30:30]} 29. Bh3 {[%clk 1:30:30]} Rf8 {[%clk
1:30:30]} 30. Re7 {[%clk 1:30:30]} Rfe8 {[%clk 1:30:30]} 31. R7e3 {[%clk
1:30:30]} Rf8 {[%clk 1:30:30]} 32. Re7 {[%clk 1:30:30]} Rfe8 {[%clk 1:30:30]} 33.
R7e3 {[%clk 1:30:30]} Rf8 {[%clk 1:30:30]} 1/2-1/2

[Event "8th Vellmar Chess Days"]
[Site "chess24.com"]
[Date "2016.07.31"]
[Round "7"]
[White "Mueller, Tobias"]
[Black "Schmidt, Daniel"]
[Result "1-0"]
[Board "42"]
[WhiteElo "1672"]
[WhiteTeam "SK Gernsheim"]
[WhiteCountry "GER"]
[WhiteFideId "12947334"]
[WhiteEloChange "15"]
[BlackElo "1876"]
[BlackTeam "SG Stadtilm"]
[BlackCountry "GER"]
[BlackFideId "12957950"]
[BlackEloChange "-15"]

1. d4 {[%clk 1:30:30]} Nf6 {[%clk 1:30:30]} 2. c4 {[%clk 1:30:30]} g6 {[%clk
1:30:30]} 3. Nc3 {[%clk 1:30:30]} Bg7 {[%clk 1:30:30]} 4. Nf3 {[%clk 1:30:30]}
O-O {[%clk 1:30:30]} 5. e4 {[%clk 1:30:30]} d6 {[%clk 1:30:30]} 6. Be2 {[%clk
1:30:30]} Nbd7 {[%clk 1:30:30]} 7. O-O {[%clk 1:30:30]} e5 {[%clk 1:30:30]} 8.
Be3 {[%clk 1:30:30]} b6 {[%clk 1:30:30]} 9. dxe5 {[%clk 1:30:30]} dxe5 {[%clk
1:30:30]} 10. Qc2 {[%clk 1:30:30]} c6 {[%clk 1:30:30]} 11. Rfd1 {[%clk 1:30:30]}
Qe7 {[%clk 1:30:30]} 12. Rab1 {[%clk 1:30:30]} Ng4 {[%clk 1:30:30]} 13. Bg5
{[%clk 1:30:30]} f6 {[%clk 1:30:30]} 14. Bh4 {[%clk 1:30:30]} g5 {[%clk 1:30:30]}
15. Bg3 {[%clk 1:30:30]} Nc5 {[%clk 1:30:30]} 16. b4 {[%clk 1:30:30]} Ne6 {[%clk
1:30:30]} 17. h3 {[%clk 1:30:30]} Nh6 {[%clk 1:30:30]} 18. b5 {[%clk 1:30:30]} c5
{[%clk 1:30:30]} 19. Nd5 {[%clk 1:30:30]} Qf7 {[%clk 1:30:30]} 20. a4 {[%clk
1:30:30]} Nd4 {[%clk 1:30:30]} 21. Nxd4 {[%clk 1:30:30]} cxd4 {[%clk 1:30:30]}
22. c5 {[%clk 1:30:30]} bxc5 {[%clk 1:30:30]} 23. Qxc5 {[%clk 1:30:30]} Be6
{[%clk 1:30:30]} 24. Ne7+ {[%clk 1:30:30]} Kh8 {[%clk 1:30:30]} 25. Nc6 {[%clk
1:30:30]} Rfc8 {[%clk 1:30:30]} 26. Rdc1 {[%clk 1:30:30]} Bf8 {[%clk 1:30:30]}
27. Qc2 {[%clk 1:30:30]} Bd6 {[%clk 1:30:30]} 28. Qb2 {[%clk 1:30:30]} Qd7 {[%clk
1:30:30]} 29. Qd2 {[%clk 1:30:30]} Nf7 {[%clk 1:30:30]} 30. Nb4 {[%clk 1:30:30]}
Bxb4 {[%clk 1:30:30]} 31. Qxb4 {[%clk 1:30:30]} Nd6 {[%clk 1:30:30]} 32. Bd3
{[%clk 1:30:30]} Rab8 {[%clk 1:30:30]} 33. a5 {[%clk 1:30:30]} Kg7 {[%clk
1:30:30]} 34. Rxc8 {[%clk 1:30:30]} Nxc8 {[%clk 1:30:30]} 35. Qc5 {[%clk
1:30:30]} Qd6 {[%clk 1:30:30]} 36. Rc1 {[%clk 1:30:30]} Bf7 {[%clk 1:30:30]} 37.
Qc7 {[%clk 1:30:30]} Qxc7 {[%clk 1:30:30]} 38. Rxc7 {[%clk 1:30:30]} Nd6 {[%clk
1:30:30]} 39. a6 {[%clk 1:30:30]} Nxb5 {[%clk 1:30:30]} 40. Rb7 {[%clk 1:30:30]}
Rc8 {[%clk 1:30:30]} 41. Bxb5 {[%clk 1:30:30]} Kg8 {[%clk 1:30:30]} 42. Kf1
{[%clk 1:30:30]} Rc1+ {[%clk 1:30:30]} 43. Ke2 {[%clk 1:30:30]} Rc5 {[%clk
1:30:30]} 44. Bd3 {[%clk 1:30:30]} Ra5 {[%clk 1:30:30]} 45. f4 {[%clk 1:30:30]}
Ra2+ {[%clk 1:30:30]} 46. Kf1 {[%clk 1:30:30]} Ra3 {[%clk 1:30:30]} 47. Bb5
{[%clk 1:30:30]} Rxg3 {[%clk 1:30:30]} 48. Rxa7 {[%clk 1:30:30]} Ra3 {[%clk
1:30:30]} 49. Rb7 {[%clk 1:30:30]} Ra1+ {[%clk 1:30:30]} 50. Kf2 {[%clk 1:30:30]}
Ra2+ {[%clk 1:30:30]} 51. Kg3 {[%clk 1:30:30]} exf4+ {[%clk 1:30:30]} 52. Kg4
{[%clk 1:30:30]} Rxg2+ {[%clk 1:30:30]} 53. Kf5 {[%clk 1:30:30]} Kg7 {[%clk
1:30:30]} 54. Bc4 {[%clk 1:30:30]} Rc2 {[%clk 1:30:30]} 55. Rxf7+ {[%clk
1:30:30]} Kh6 {[%clk 1:30:30]} 56. Rxf6+ {[%clk 1:30:30]} Kh5 {[%clk 1:30:30]}
57. Rf7 {[%clk 1:30:30]} h6 {[%clk 1:30:30]} 58. Bd3 {[%clk 1:30:30]} Rc5+ {[%clk
1:30:30]} 59. Ke6 {[%clk 1:30:30]} 1-0

[Event "8th Vellmar Chess Days"]
[Site "chess24.com"]
[Date "2016.07.31"]
[Round "7"]
[White "Schnegelberger, Leon"]
[Black "Kaufmann, Gunther"]
[Result "1/2-1/2"]
[Board "43"]
[WhiteElo "1924"]
[WhiteTeam "Kasseler SK"]
[WhiteCountry "GER"]
[WhiteFideId "16211871"]
[WhiteEloChange "-3"]
[BlackElo "1829"]
[BlackTeam "SG Donautal Tuttlingen"]
[BlackCountry "GER"]
[BlackFideId "4669509"]
[BlackEloChange "3"]

1. d4 {[%clk 1:30:30]} Nf6 {[%clk 1:30:30]} 2. c4 {[%clk 1:30:30]} g6 {[%clk
1:30:30]} 3. Nc3 {[%clk 1:30:30]} d6 {[%clk 1:30:30]} 4. e4 {[%clk 1:30:30]} Bg7
{[%clk 1:30:30]} 5. f3 {[%clk 1:30:30]} O-O {[%clk 1:30:30]} 6. Be3 {[%clk
1:30:30]} Nbd7 {[%clk 1:30:30]} 7. Nge2 {[%clk 1:30:30]} c5 {[%clk 1:30:30]} 8.
d5 {[%clk 1:30:30]} a6 {[%clk 1:30:30]} 9. Nf4 {[%clk 1:30:30]} Qa5 {[%clk
1:30:30]} 10. Be2 {[%clk 1:30:30]} Ne5 {[%clk 1:30:30]} 11. Qb3 {[%clk 1:30:30]}
Bd7 {[%clk 1:30:30]} 12. O-O {[%clk 1:30:30]} Rfb8 {[%clk 1:30:30]} 13. a4 {[%clk
1:30:30]} Qb4 {[%clk 1:30:30]} 14. Qxb4 {[%clk 1:30:30]} cxb4 {[%clk 1:30:30]}
15. Nb1 {[%clk 1:30:30]} b3 {[%clk 1:30:30]} 16. Bd4 {[%clk 1:30:30]} Ne8 {[%clk
1:30:30]} 17. Kh1 {[%clk 1:30:30]} Rc8 {[%clk 1:30:30]} 18. Bxe5 {[%clk 1:30:30]}
dxe5 {[%clk 1:30:30]} 19. Nd3 {[%clk 1:30:30]} Rxc4 {[%clk 1:30:30]} 20. Nc3
{[%clk 1:30:30]} Rd4 {[%clk 1:30:30]} 21. Ra3 {[%clk 1:30:30]} Nd6 {[%clk
1:30:30]} 22. Nc5 {[%clk 1:30:30]} Be8 {[%clk 1:30:30]} 23. Rxb3 {[%clk 1:30:30]}
Ra7 {[%clk 1:30:30]} 24. Ra1 {[%clk 1:30:30]} Rd2 {[%clk 1:30:30]} 25. Ra2 {[%clk
1:30:30]} Bh6 {[%clk 1:30:30]} 26. Rba3 {[%clk 1:30:30]} Be3 {[%clk 1:30:30]} 27.
Nb3 {[%clk 1:30:30]} Rc2 {[%clk 1:30:30]} 28. Bd3 {[%clk 1:30:30]} Rf2 {[%clk
1:30:30]} 29. Nd1 {[%clk 1:30:30]} Rd2 {[%clk 1:30:30]} 30. Nxd2 {[%clk 1:30:30]}
Bxd2 {[%clk 1:30:30]} 31. Nc3 {[%clk 1:30:30]} Ra8 {[%clk 1:30:30]} 32. b4 {[%clk
1:30:30]} Be3 {[%clk 1:30:30]} 33. Rc2 {[%clk 1:30:30]} Rc8 {[%clk 1:30:30]} 34.
Nd1 {[%clk 1:30:30]} Rxc2 {[%clk 1:30:30]} 35. Bxc2 {[%clk 1:30:30]} Bd4 {[%clk
1:30:30]} 36. Bb3 {[%clk 1:30:30]} Bd7 {[%clk 1:30:30]} 37. Ra2 {[%clk 1:30:30]}
f5 {[%clk 1:30:30]} 38. h3 {[%clk 1:30:30]} Kg7 {[%clk 1:30:30]} 39. Re2 {[%clk
1:30:30]} f4 {[%clk 1:30:30]} 40. Nf2 {[%clk 1:30:30]} Kf6 {[%clk 1:30:30]} 41.
Nd3 {[%clk 1:30:30]} h5 {[%clk 1:30:30]} 42. Nc5 {[%clk 1:30:30]} Be8 {[%clk
1:30:30]} 43. Rc2 {[%clk 1:30:30]} h4 {[%clk 1:30:30]} 44. Ne6 {[%clk 1:30:30]}
Bb6 {[%clk 1:30:30]} 45. Nc7 {[%clk 1:30:30]} Bf7 {[%clk 1:30:30]} 46. b5 {[%clk
1:30:30]} a5 {[%clk 1:30:30]} 47. Na8 {[%clk 1:30:30]} Bd8 {[%clk 1:30:30]} 48.
b6 {[%clk 1:30:30]} Be8 {[%clk 1:30:30]} 49. Rc5 {[%clk 1:30:30]} Bd7 {[%clk
1:30:30]} 50. Nc7 {[%clk 1:30:30]} Nc8 {[%clk 1:30:30]} 51. d6 {[%clk 1:30:30]}
Nxb6 {[%clk 1:30:30]} 52. dxe7 {[%clk 1:30:30]} Bxe7 {[%clk 1:30:30]} 53. Rxa5
{[%clk 1:30:30]} Bb4 {[%clk 1:30:30]} 54. Ra7 {[%clk 1:30:30]} Bc8 {[%clk
1:30:30]} 55. Nd5+ {[%clk 1:30:30]} Nxd5 {[%clk 1:30:30]} 56. Bxd5 {[%clk
1:30:30]} b6 {[%clk 1:30:30]} 57. Rf7+ {[%clk 1:30:30]} Kg5 {[%clk 1:30:30]} 58.
Kg1 {[%clk 1:30:30]} Bc5+ {[%clk 1:30:30]} 59. Kf1 {[%clk 1:30:30]} Ba6+ {[%clk
1:30:30]} 1/2-1/2

[Event "8th Vellmar Chess Days"]
[Site "chess24.com"]
[Date "2016.07.31"]
[Round "7"]
[White "Reichelt, Ole"]
[Black "Reitz, Philipp"]
[Result "0-1"]
[Board "44"]
[WhiteElo "1738"]
[WhiteTeam "Hamelner SV"]
[WhiteCountry "GER"]
[WhiteFideId "12965073"]
[WhiteEloChange "-5"]
[BlackElo "1924"]
[BlackTeam "VfR-SC Koblenz"]
[BlackCountry "GER"]
[BlackFideId "12973297"]
[BlackEloChange "5"]

1. d4 {[%clk 1:30:30]} d5 {[%clk 1:30:30]} 2. c4 {[%clk 1:30:30]} dxc4 {[%clk
1:30:30]} 3. Nf3 {[%clk 1:30:30]} Nf6 {[%clk 1:30:30]} 4. Nc3 {[%clk 1:30:30]} e6
{[%clk 1:30:30]} 5. Bg5 {[%clk 1:30:30]} h6 {[%clk 1:30:30]} 6. Bxf6 {[%clk
1:30:30]} Qxf6 {[%clk 1:30:30]} 7. e4 {[%clk 1:30:30]} Bb4 {[%clk 1:30:30]} 8.
Bxc4 {[%clk 1:30:30]} c5 {[%clk 1:30:30]} 9. Bb5+ {[%clk 1:30:30]} Bd7 {[%clk
1:30:30]} 10. Bxd7+ {[%clk 1:30:30]} Nxd7 {[%clk 1:30:30]} 11. Rc1 {[%clk
1:30:30]} O-O {[%clk 1:30:30]} 12. O-O {[%clk 1:30:30]} Rfd8 {[%clk 1:30:30]} 13.
a3 {[%clk 1:30:30]} Ba5 {[%clk 1:30:30]} 14. Qa4 {[%clk 1:30:30]} Bb6 {[%clk
1:30:30]} 15. e5 {[%clk 1:30:30]} Qe7 {[%clk 1:30:30]} 16. Rfe1 {[%clk 1:30:30]}
cxd4 {[%clk 1:30:30]} 17. Nb5 {[%clk 1:30:30]} Nc5 {[%clk 1:30:30]} 18. Qd1
{[%clk 1:30:30]} Rd5 {[%clk 1:30:30]} 19. Rc4 {[%clk 1:30:30]} Nd3 {[%clk
1:30:30]} 20. Qxd3 {[%clk 1:30:30]} Rxb5 {[%clk 1:30:30]} 21. b4 {[%clk 1:30:30]}
Rd5 {[%clk 1:30:30]} 22. Re4 {[%clk 1:30:30]} Qd7 {[%clk 1:30:30]} 23. h3 {[%clk
1:30:30]} Rc8 {[%clk 1:30:30]} 24. Nd2 {[%clk 1:30:30]} Rxc4 {[%clk 1:30:30]} 25.
Nxc4 {[%clk 1:30:30]} Qb5 {[%clk 1:30:30]} 26. Re2 {[%clk 1:30:30]} a5 {[%clk
1:30:30]} 27. Rb2 {[%clk 1:30:30]} Qa6 {[%clk 1:30:30]} 28. Rc2 {[%clk 1:30:30]}
axb4 {[%clk 1:30:30]} 29. axb4 {[%clk 1:30:30]} g6 {[%clk 1:30:30]} 30. Kh2
{[%clk 1:30:30]} Bc7 {[%clk 1:30:30]} 31. f4 {[%clk 1:30:30]} Bd8 {[%clk
1:30:30]} 32. Nb2 {[%clk 1:30:30]} Qxd3 {[%clk 1:30:30]} 33. Nxd3 {[%clk
1:30:30]} Kg7 {[%clk 1:30:30]} 34. Kg1 {[%clk 1:30:30]} Rd7 {[%clk 1:30:30]} 35.
Nc5 {[%clk 1:30:30]} d3 {[%clk 1:30:30]} 36. Rd2 {[%clk 1:30:30]} Bb6 {[%clk
1:30:30]} 37. Kf1 {[%clk 1:30:30]} Bxc5 {[%clk 1:30:30]} 38. bxc5 {[%clk
1:30:30]} Rd4 {[%clk 1:30:30]} 39. g3 {[%clk 1:30:30]} g5 {[%clk 1:30:30]} 40.
fxg5 {[%clk 1:30:30]} hxg5 {[%clk 1:30:30]} 41. Kf2 {[%clk 1:30:30]} Rd5 {[%clk
1:30:30]} 42. g4 {[%clk 1:30:30]} Rxc5 {[%clk 1:30:30]} 43. Rxd3 {[%clk 1:30:30]}
Rxe5 {[%clk 1:30:30]} 44. Kf3 {[%clk 1:30:30]} b5 {[%clk 1:30:30]} 45. Rb3 {[%clk
1:30:30]} Kf6 {[%clk 1:30:30]} 46. Rb4 {[%clk 1:30:30]} Ke7 {[%clk 1:30:30]} 47.
Rd4 {[%clk 1:30:30]} Rd5 {[%clk 1:30:30]} 0-1

[Event "8th Vellmar Chess Days"]
[Site "chess24.com"]
[Date "2016.07.31"]
[Round "7"]
[White "Wehr, Alexander"]
[Black "Hansen, Jeppe"]
[Result "0-1"]
[Board "45"]
[WhiteElo "1911"]
[WhiteTeam "SK Vellmar"]
[WhiteCountry "GER"]
[WhiteFideId "24628913"]
[WhiteEloChange "-14"]
[BlackElo "1759"]
[BlackTeam "Sydøstlolland Skakklub"]
[BlackCountry "DEN"]
[BlackFideId "1437640"]
[BlackEloChange "14"]

1. c4 {[%clk 1:30:30]} e5 {[%clk 1:30:30]} 2. Nc3 {[%clk 1:30:30]} Nf6 {[%clk
1:30:30]} 3. g3 {[%clk 1:30:30]} Bb4 {[%clk 1:30:30]} 4. Bg2 {[%clk 1:30:30]} c6
{[%clk 1:30:30]} 5. Nf3 {[%clk 1:30:30]} d6 {[%clk 1:30:30]} 6. O-O {[%clk
1:30:30]} Be6 {[%clk 1:30:30]} 7. d3 {[%clk 1:30:30]} h6 {[%clk 1:30:30]} 8. Bd2
{[%clk 1:30:30]} a5 {[%clk 1:30:30]} 9. a3 {[%clk 1:30:30]} Bc5 {[%clk 1:30:30]}
10. Rc1 {[%clk 1:30:30]} Nbd7 {[%clk 1:30:30]} 11. Qc2 {[%clk 1:30:30]} O-O
{[%clk 1:30:30]} 12. Na4 {[%clk 1:30:30]} Ba7 {[%clk 1:30:30]} 13. b3 {[%clk
1:30:30]} Rc8 {[%clk 1:30:30]} 14. Qc3 {[%clk 1:30:30]} b6 {[%clk 1:30:30]} 15.
Rfd1 {[%clk 1:30:30]} Qe7 {[%clk 1:30:30]} 16. h3 {[%clk 1:30:30]} Nh5 {[%clk
1:30:30]} 17. Kh2 {[%clk 1:30:30]} b5 {[%clk 1:30:30]} 18. g4 {[%clk 1:30:30]}
bxa4 {[%clk 1:30:30]} 19. gxh5 {[%clk 1:30:30]} axb3 {[%clk 1:30:30]} 20. d4
{[%clk 1:30:30]} e4 {[%clk 1:30:30]} 21. Ng1 {[%clk 1:30:30]} Qh4 {[%clk
1:30:30]} 22. Qxa5 {[%clk 1:30:30]} Bxd4 {[%clk 1:30:30]} 23. Bxh6 {[%clk
1:30:30]} Be5+ {[%clk 1:30:30]} 0-1

[Event "8th Vellmar Chess Days"]
[Site "chess24.com"]
[Date "2016.07.31"]
[Round "7"]
[White "Evering, Soeren"]
[Black "Helmer, Jan"]
[Result "1-0"]
[Board "46"]
[WhiteElo "1862"]
[WhiteTeam "SC Papenburg"]
[WhiteCountry "GER"]
[WhiteFideId "12974650"]
[WhiteEloChange "8"]
[BlackElo "1799"]
[BlackTeam "Hamelner SV"]
[BlackCountry "GER"]
[BlackFideId "12956686"]
[BlackEloChange "-8"]

1. e4 {[%clk 1:30:30]} e6 {[%clk 1:30:30]} 2. d4 {[%clk 1:30:30]} d5 {[%clk
1:30:30]} 3. Nc3 {[%clk 1:30:30]} Nf6 {[%clk 1:30:30]} 4. e5 {[%clk 1:30:30]}
Nfd7 {[%clk 1:30:30]} 5. f4 {[%clk 1:30:30]} c5 {[%clk 1:30:30]} 6. Nf3 {[%clk
1:30:30]} Nc6 {[%clk 1:30:30]} 7. Be3 {[%clk 1:30:30]} b6 {[%clk 1:30:30]} 8. Qd2
{[%clk 1:30:30]} Bb7 {[%clk 1:30:30]} 9. O-O-O {[%clk 1:30:30]} a6 {[%clk
1:30:30]} 10. Be2 {[%clk 1:30:30]} c4 {[%clk 1:30:30]} 11. g4 {[%clk 1:30:30]} b5
{[%clk 1:30:30]} 12. Nb1 {[%clk 1:30:30]} Qb6 {[%clk 1:30:30]} 13. f5 {[%clk
1:30:30]} O-O-O {[%clk 1:30:30]} 14. Ng5 {[%clk 1:30:30]} Nb4 {[%clk 1:30:30]}
15. Nc3 {[%clk 1:30:30]} Qa5 {[%clk 1:30:30]} 16. a3 {[%clk 1:30:30]} Nc6 {[%clk
1:30:30]} 17. Nb1 {[%clk 1:30:30]} b4 {[%clk 1:30:30]} 18. Nxf7 {[%clk 1:30:30]}
c3 {[%clk 1:30:30]} 19. Nxc3 {[%clk 1:30:30]} bxc3 {[%clk 1:30:30]} 20. Qxc3
{[%clk 1:30:30]} Qxc3 {[%clk 1:30:30]} 21. bxc3 {[%clk 1:30:30]} Bxa3+ {[%clk
1:30:30]} 22. Kd2 {[%clk 1:30:30]} Ncxe5 {[%clk 1:30:30]} 23. dxe5 {[%clk
1:30:30]} d4 {[%clk 1:30:30]} 24. cxd4 {[%clk 1:30:30]} Bxh1 {[%clk 1:30:30]} 25.
Nxd8 {[%clk 1:30:30]} Rxd8 {[%clk 1:30:30]} 26. Rxh1 {[%clk 1:30:30]} Nxe5 {[%clk
1:30:30]} 27. fxe6 {[%clk 1:30:30]} Kc7 {[%clk 1:30:30]} 28. c3 {[%clk 1:30:30]}
Nc6 {[%clk 1:30:30]} 29. Bxa6 {[%clk 1:30:30]} Rb8 {[%clk 1:30:30]} 30. Rf1
{[%clk 1:30:30]} Rb2+ {[%clk 1:30:30]} 31. Kd3 {[%clk 1:30:30]} Kd6 {[%clk
1:30:30]} 32. Re1 {[%clk 1:30:30]} Ne7 {[%clk 1:30:30]} 33. Bc4 {[%clk 1:30:30]}
Nc6 {[%clk 1:30:30]} 34. Bf4+ {[%clk 1:30:30]} Ke7 {[%clk 1:30:30]} 35. d5 {[%clk
1:30:30]} Na5 {[%clk 1:30:30]} 36. Bg5+ {[%clk 1:30:30]} Ke8 {[%clk 1:30:30]} 37.
Ba6 {[%clk 1:30:30]} h6 {[%clk 1:30:30]} 38. Bc1 {[%clk 1:30:30]} Rb1 {[%clk
1:30:30]} 39. Bxa3 {[%clk 1:30:30]} Rxe1 {[%clk 1:30:30]} 40. Bb5+ {[%clk
1:30:30]} Kd8 {[%clk 1:30:30]} 41. e7+ {[%clk 1:30:30]} Rxe7 {[%clk 1:30:30]} 42.
Bxe7+ {[%clk 1:30:30]} Kxe7 {[%clk 1:30:30]} 43. c4 {[%clk 1:30:30]} Kd6 {[%clk
1:30:30]} 44. Ke4 {[%clk 1:30:30]} g6 {[%clk 1:30:30]} 45. h4 {[%clk 1:30:30]}
Nb3 {[%clk 1:30:30]} 46. h5 {[%clk 1:30:30]} Nc5+ {[%clk 1:30:30]} 47. Ke3 {[%clk
1:30:30]} g5 {[%clk 1:30:30]} 48. Kd4 {[%clk 1:30:30]} Nb3+ {[%clk 1:30:30]} 49.
Ke4 {[%clk 1:30:30]} Nc5+ {[%clk 1:30:30]} 50. Kf5 {[%clk 1:30:30]} Nd3 {[%clk
1:30:30]} 51. Kg6 {[%clk 1:30:30]} Ke5 {[%clk 1:30:30]} 52. Kxh6 {[%clk 1:30:30]}
Kf4 {[%clk 1:30:30]} 53. d6 {[%clk 1:30:30]} Ne5 {[%clk 1:30:30]} 54. d7 {[%clk
1:30:30]} Nf7+ {[%clk 1:30:30]} 55. Kg7 {[%clk 1:30:30]} Nd8 {[%clk 1:30:30]} 56.
h6 {[%clk 1:30:30]} Ne6+ {[%clk 1:30:30]} 57. Kf6 {[%clk 1:30:30]} 1-0

[Event "8th Vellmar Chess Days"]
[Site "chess24.com"]
[Date "2016.07.31"]
[Round "7"]
[White "Lukas, Anne"]
[Black "Fischer, Andreas"]
[Result "1-0"]
[Board "47"]
[WhiteElo "1821"]
[WhiteTeam "SK Gernsheim"]
[WhiteCountry "GER"]
[WhiteFideId "12945064"]
[WhiteEloChange "11"]
[BlackElo "1859"]
[BlackTeam "SK Bad Sooden-Allendorf"]
[BlackCountry "GER"]
[BlackFideId "1270053"]
[BlackEloChange "-11"]

1. d4 {[%clk 1:30:30]} d5 {[%clk 1:30:30]} 2. Nc3 {[%clk 1:30:30]} Nf6 {[%clk
1:30:30]} 3. Bf4 {[%clk 1:30:30]} e6 {[%clk 1:30:30]} 4. e3 {[%clk 1:30:30]} Be7
{[%clk 1:30:30]} 5. Nf3 {[%clk 1:30:30]} O-O {[%clk 1:30:30]} 6. Bd3 {[%clk
1:30:30]} a6 {[%clk 1:30:30]} 7. O-O {[%clk 1:30:30]} Nbd7 {[%clk 1:30:30]} 8.
Ne2 {[%clk 1:30:30]} Ne4 {[%clk 1:30:30]} 9. c4 {[%clk 1:30:30]} Ndf6 {[%clk
1:30:30]} 10. Ne5 {[%clk 1:30:30]} Nh5 {[%clk 1:30:30]} 11. f3 {[%clk 1:30:30]}
Nxf4 {[%clk 1:30:30]} 12. Nxf4 {[%clk 1:30:30]} Nf6 {[%clk 1:30:30]} 13. c5
{[%clk 1:30:30]} Nd7 {[%clk 1:30:30]} 14. Nxd7 {[%clk 1:30:30]} Bxd7 {[%clk
1:30:30]} 15. Qc2 {[%clk 1:30:30]} f5 {[%clk 1:30:30]} 16. b4 {[%clk 1:30:30]}
Bg5 {[%clk 1:30:30]} 17. Rfe1 {[%clk 1:30:30]} Bxf4 {[%clk 1:30:30]} 18. exf4
{[%clk 1:30:30]} Qh4 {[%clk 1:30:30]} 19. g3 {[%clk 1:30:30]} Qh5 {[%clk
1:30:30]} 20. Qg2 {[%clk 1:30:30]} Rf6 {[%clk 1:30:30]} 21. Re5 {[%clk 1:30:30]}
Raf8 {[%clk 1:30:30]} 22. a4 {[%clk 1:30:30]} g5 {[%clk 1:30:30]} 23. g4 {[%clk
1:30:30]} Qh4 {[%clk 1:30:30]} 24. fxg5 {[%clk 1:30:30]} Qxg5 {[%clk 1:30:30]}
25. Rae1 {[%clk 1:30:30]} Rg6 {[%clk 1:30:30]} 26. Qf2 {[%clk 1:30:30]} Qh6
{[%clk 1:30:30]} 27. h4 {[%clk 1:30:30]} Kf7 {[%clk 1:30:30]} 28. g5 {[%clk
1:30:30]} Qg7 {[%clk 1:30:30]} 29. f4 {[%clk 1:30:30]} h5 {[%clk 1:30:30]} 30.
Bxf5 {[%clk 1:30:30]} exf5 {[%clk 1:30:30]} 31. Re7+ {[%clk 1:30:30]} Kg8 {[%clk
1:30:30]} 32. Rxg7+ {[%clk 1:30:30]} Rxg7 {[%clk 1:30:30]} 33. Qf3 {[%clk
1:30:30]} 1-0